000 00696nam a2200205Ia 4500
005 20250425162528.0
008 250425s9999 xx 000 0 und d
020 _a9789803967079
041 _aspa
082 _a303.62
100 _aOSORIO, SIMON ALBERTO
245 0 _aMORDAZA A LA INFORMACION EN TIEMPOS DE GUERRA: LOS LIMITES A LA LIBERTAD DE INFORMACION EN LOS ESTADOS UNIDOS TRAS LOS ATAQUES TERRORISTAS DEL 11 DE SEPTIEMBRE DE 2001
250 _a1A ED.
260 _aCARACAS
260 _aVenezuela
_bFUNDACION EDITORIAL EL PERRO Y LA RANA
_c2007
300 _a137
500 _aDONADO POR EL CONSULADO DE VENEZUELA-SERIE COMUICACION Y SOCIEDAD
942 _c01
010 _a81982
999 _c231059
_d231059